000 01481cam a2200349 a 4500
001 EDZ0000063592
003 StDuBDS
005 20161031105209.0
006 m||||||||d||||||||
007 cr |||||||||||
008 120315s2005 cau fo| 001|0|eng|d
020 _a9781452229812 (ebook) :
_cNo price
040 _aStDuBDS
_beng
_cStDuBDS
_epn
049 _aAlfaisal Main Library
050 0 _aHM851
_b.D55 2005
082 0 4 _a303.4833
_223
100 1 _aDijk, Jan van,
_d1952-
245 1 4 _aThe deepening divide
_h[electronic resource] :
_binequality in the information society /
_cJan A.G.M. van Dijk.
260 _aThousand Oaks, Calif. ;
_aLondon :
_bSAGE,
_cc2005.
300 _a1 online resource (240 p.)
520 8 _a'The Deepening Divide' explains why the digital divide is still widening and, in advanced high-tech societies, deepening. Taken from an international perspective, the text offers full coverage of the literature and research and a theoretical framework from which to analyze and approach the issue.
521 _aSpecialized.
588 _aDescription based on print version record.
504 _aIncludes bibliographical references and index.
650 0 _aInformation society.
650 0 _aEquality.
655 7 _aElectronic books.
_2local
710 2 _aSage eBooks
776 0 8 _iPrint version :
_z9781412904032
856 4 0 _uhttp://ezproxy.alfaisal.edu/login?url=http://sk.sagepub.com/books/the-deepening-divide
942 _2lcc
_cEBOOKS
999 _c481481
_d481481